[Event "Nordic-ch Seniors"]
[Site "Bornholm"]
[Date "2013.09.15"]
[Round "8"]
[White "Kraft, Rene"]
[Black "Wihlborn, Bengt"]
[Result "0-1"]
[WhiteElo "1696"]
[BlackElo "1811"]
[PlyCount "68"]
[EventDate "2013.09.07"]
[EventType "swiss"]
[EventRounds "9"]
[EventCountry "DEN"]
[SourceTitle "CBM 156 Extra"]
[Source "ChessBase"]
[SourceDate "2013.10.22"]
[SourceVersion "1"]
[SourceVersionDate "2013.10.22"]
[SourceQuality "1"]

1. c4 c5 2. Nc3 Nf6 3. b3 g6 4. Bb2 Bg7 5. Nd5 0-0 6. Nf3 d6 7. Nxf6+ exf6 8. e3 Re8 9. Be2 Nc6 10. 0-0 Be6 11. a3 Qb6 12. Bc3 Rad8 13. Qc2 d5 14. cxd5 Bxd5 15. Rab1 Rd7 16. Ne1 Red8 17. Bg4 Be6 18. Be2 Bf5 19. d3 Ne5 20. Bxe5 fxe5 21. e4 Be6 22. b4 Rc8 23. Qb2 c4 24. dxc4 Bxc4 25. Nf3 Bxe2 26. Qxe2 Rc3 27. Rfd1 Rxd1+ 28. Rxd1 Rxa3 29. Qc4 h6 30. h3 Ra6 31. Qc8+ Kh7 32. Rd7 Ra1+ 33. Kh2 Qf6 34. Qxb7 Qf4+ 0-1

[Event "Nordic-ch Seniors"]
[Site "Bornholm"]
[Date "2013.09.12"]
[Round "6"]
[White "Brogaard, Lars"]
[Black "Kraft, Rene"]
[Result "1-0"]
[WhiteElo "1567"]
[BlackElo "1696"]
[PlyCount "69"]
[EventDate "2013.09.07"]
[EventType "swiss"]
[EventRounds "9"]
[EventCountry "DEN"]
[SourceTitle "CBM 156 Extra"]
[Source "ChessBase"]
[SourceDate "2013.10.22"]
[SourceVersion "1"]
[SourceVersionDate "2013.10.22"]
[SourceQuality "1"]

1. f4 c5 2. Nf3 Nc6 3. c3 e6 4. e4 Be7 5. d3 Nf6 6. Be2 0-0 7. 0-0 b5 8. Na3 b4 9. Nc2 a5 10. Kh1 Bb7 11. Qe1 d5 12. e5 Ne8 13. Ng5 Bxg5 14. fxg5 Nxe5 15. d4 cxd4 16. cxd4 Nc4 17. Bd3 g6 18. Qh4 e5 19. Rf3 Bc8 20. Rg3 Ng7 21. Ne3 Nxe3 22. Bxe3 Nh5 23. dxe5 Nxg3+ 24. hxg3 Bb7 25. Bd4 h5 26. g4 Qe7 27. gxh5 Qe6 28. Rf1 Bc8 29. hxg6 fxg6 30. Rxf8+ Kxf8 31. Qh8+ Ke7 32. Bb5 Qf7 33. Bc5+ Ke6 34. Bd3 Bb7 35. Qh3+ 1-0

[Event "Nordic-ch Seniors"]
[Site "Bornholm"]
[Date "2013.09.07"]
[Round "1"]
[White "Larsen, Arne Walther"]
[Black "Kraft, Rene"]
[Result "1-0"]
[WhiteElo "1873"]
[BlackElo "1696"]
[PlyCount "79"]
[EventDate "2013.09.07"]
[EventType "swiss"]
[EventRounds "9"]
[EventCountry "DEN"]
[SourceTitle "CBM 156 Extra"]
[Source "ChessBase"]
[SourceDate "2013.10.22"]
[SourceVersion "1"]
[SourceVersionDate "2013.10.22"]
[SourceQuality "1"]

1. Nf3 b6 2. g3 Bb7 3. Bg2 e6 4. c4 c5 5. 0-0 Nc6 6. d3 Nd4 7. Nxd4 Bxg2 8. Nxe6 dxe6 9. Kxg2 Nf6 10. Nc3 Be7 11. a3 0-0 12. Rb1 Qc7 13. b4 Qc6+ 14. Kg1 Rad8 15. Qc2 Rd7 16. Bg5 h6 17. Bxf6 Bxf6 18. Ne4 Be7 19. bxc5 f5 20. Nd6 Qxc5 21. Nb5 Bf6 22. a4 a6 23. Nc3 h5 24. e3 h4 25. Ne2 e5 26. Qb3 Bd8 27. d4 exd4 28. exd4 Qe7 29. Rbe1 Qf6 30. d5 Bc7 31. c5 Kh8 32. d6 Bd8 33. Nf4 hxg3 34. hxg3 Kh7 35. Kg2 Qf7 36. Qxf7 Rfxf7 37. Rh1+ Kg8 38. Ng6 Rf6 39. Rh8+ Kf7 40. Ne5+ 1-0

[Event "Bornholms Sommer B1"]
[Site "Ronne"]
[Date "2011.07.10"]
[Round "5"]
[White "Kraft, Rene"]
[Black "Adolfssen, Rico"]
[Result "1/2-1/2"]
[WhiteElo "1655"]
[BlackElo "1744"]
[PlyCount "118"]
[EventDate "2011.07.08"]
[EventType "tourn"]
[EventRounds "5"]
[EventCountry "DEN"]
[SourceTitle "EXT 2023"]
[Source "ChessBase"]
[SourceDate "2022.10.05"]
[SourceVersion "1"]
[SourceVersionDate "2022.10.05"]
[SourceQuality "1"]

1. c4 e6 2. b3 Be7 3. Bb2 Bf6 4. Bxf6 Nxf6 5. Nc3 b6 6. Nf3 Bb7 7. e3 d6 8. Be2 Nbd7 9. 0-0 0-0 10. d4 Re8 11. Ne1 e5 12. d5 a5 13. e4 Nc5 14. f3 Bc8 15. Nd3 Nxd3 16. Bxd3 Nh5 17. Ne2 Qg5 18. Qc1 Qg6 19. f4 Bg4 20. f5 Qf6 21. Qe3 Bxe2 22. Bxe2 Nf4 23. Rf3 Nxe2+ 24. Qxe2 Kf8 25. Rh3 h6 26. Qe3 Ke7 27. Qd2 Rg8 28. Rf1 Kd7 29. Qc1 Rh8 30. Qa3 a4 31. b4 Rhg8 32. Qc1 Qg5 33. Qd1 Qf6 34. Ra3 Qh4 35. Qf3 Qf6 36. Rc3 Rab8 37. Rfc1 Rgc8 38. Qd1 Ra8 39. Ra3 Qh4 40. Qf3 Qg5 41. Rc2 Qh4 42. g3 Qg5 43. h4 Qf6 44. Qd1 Rg8 45. Rf2 Ra7 46. Rff3 Rga8 47. b5 Ra5 48. Rf2 R5a7 49. Rb2 Ra5 50. Rb4 g6 51. Rf3 g5 52. hxg5 Qxg5 53. Qe1 f6 54. a3 Rg8 55. Rb2 Raa8 56. Rg2 Qg4 57. Kf2 h5 58. Rh2 Qg5 59. Rh4 Rh8 1/2-1/2

[Event "Baltic Sea Cup"]
[Site "Bornholm"]
[Date "2008.08.06"]
[Round "10"]
[White "Kraft, Rene"]
[Black "Madsen, Jens Rysgaard"]
[Result "1-0"]
[WhiteElo "1663"]
[BlackElo "2088"]
[PlyCount "67"]
[EventDate "2008.07.29"]
[EventType "swiss"]
[EventRounds "10"]
[EventCountry "DEN"]
[SourceTitle "CBM 125 Extra"]
[Source "ChessBase"]
[SourceDate "2008.09.01"]
[SourceVersion "1"]
[SourceVersionDate "2008.09.01"]
[SourceQuality "1"]

1. c4 e5 2. Nc3 Nf6 3. b3 Bc5 4. e3 Nc6 5. Bb2 d6 6. Be2 0-0 7. Nf3 Bf5 8. 0-0 Nb4 9. d3 Ng4 10. d4 Nc2 11. dxc5 Nxa1 12. Qxa1 dxc5 13. h3 Nf6 14. Nh4 Bd7 15. Rd1 Qe7 16. Nf3 Bc6 17. Nd5 Bxd5 18. cxd5 Qd6 19. Bxe5 Qe7 20. d6 cxd6 21. Bxd6 Qe6 22. Bc4 Qc8 23. Bxf8 Qxf8 24. Ne5 b6 25. Bxf7+ Kh8 26. Bc4 Ne4 27. Nf7+ Kg8 28. Ng5+ Kh8 29. Nxe4 Re8 30. Qb1 Re7 31. Ng5 g6 32. Qb2+ Rg7 33. Rd7 h6 34. Ne6 1-0

[Event "Baltic Sea Cup"]
[Site "Bornholm"]
[Date "2008.07.31"]
[Round "4"]
[White "Kraft, Rene"]
[Black "Schmidt, Horst Hubert"]
[Result "0-1"]
[WhiteElo "1663"]
[BlackElo "1925"]
[PlyCount "58"]
[EventDate "2008.07.29"]
[EventType "swiss"]
[EventRounds "10"]
[EventCountry "DEN"]
[SourceTitle "CBM 125 Extra"]
[Source "ChessBase"]
[SourceDate "2008.09.01"]
[SourceVersion "1"]
[SourceVersionDate "2008.09.01"]
[SourceQuality "1"]

1. c4 e5 2. Nc3 Nc6 3. b3 d6 4. Bb2 Be6 5. e4 g6 6. Nf3 Bg7 7. Be2 Nh6 8. Nd5 0-0 9. 0-0 f5 10. d3 g5 11. Ba3 g4 12. Ne1 f4 13. f3 Nd4 14. Nc2 Nxe2+ 15. Qxe2 gxf3 16. gxf3 Bh3 17. Rf2 Bf6 18. Kh1 Bh4 19. Rg1+ Kh8 20. Rfg2 Bxg2+ 21. Rxg2 Rg8 22. Nxf4 exf4 23. Nd4 Rxg2 24. Qxg2 Qf6 25. Bb2 Rg8 26. Qd2 Qg6 27. Nf5+ Bf6 28. Qf2 Nxf5 29. exf5 Qxf5 0-1

[Event "Baltic Sea Cup"]
[Site "Bornholm"]
[Date "2008.07.30"]
[Round "3"]
[White "Rostgaard, Tobias Valentin"]
[Black "Kraft, Rene"]
[Result "1-0"]
[WhiteElo "2035"]
[BlackElo "1663"]
[PlyCount "45"]
[EventDate "2008.07.29"]
[EventType "swiss"]
[EventRounds "10"]
[EventCountry "DEN"]
[SourceTitle "CBM 125 Extra"]
[Source "ChessBase"]
[SourceDate "2008.09.01"]
[SourceVersion "1"]
[SourceVersionDate "2008.09.01"]
[SourceQuality "1"]

1. e4 b6 2. d4 Bb7 3. Bd3 Nf6 4. Qe2 Nc6 5. c3 e6 6. Nf3 Be7 7. 0-0 a5 8. Bg5 h6 9. Bh4 g5 10. Bg3 Nh5 11. Nbd2 Nf4 12. Bxf4 gxf4 13. d5 Nb8 14. dxe6 dxe6 15. Rad1 Bg5 16. Bb5+ c6 17. Nc4 Qc7 18. Nd6+ Ke7 19. Bc4 Rd8 20. e5 b5 21. Bb3 Kf8 22. Nxg5 hxg5 23. Qh5 1-0

[Event "Baltic Sea Cup"]
[Site "Ronne"]
[Date "2007.08.04"]
[Round "8.40"]
[White "Kraft, Rene"]
[Black "Maas, Thomas"]
[Result "0-1"]
[WhiteElo "1678"]
[BlackElo "2071"]
[PlyCount "76"]
[EventDate "2007.07.30"]
[EventType "swiss"]
[EventRounds "9"]
[EventCountry "DEN"]
[SourceTitle "EXT 2023"]
[Source "ChessBase"]
[SourceDate "2022.10.05"]
[SourceVersion "1"]
[SourceVersionDate "2022.10.05"]
[SourceQuality "1"]

1. c4 Nf6 2. Nc3 e5 3. b3 d5 4. cxd5 Nxd5 5. Bb2 Nc6 6. e3 Ndb4 7. Rc1 Nd3+ 8. Bxd3 Qxd3 9. Nge2 Bf5 10. Ng3 Bg6 11. Qe2 0-0-0 12. Qxd3 Bxd3 13. Na4 Bg6 14. a3 f6 15. Nc5 Bxc5 16. Rxc5 Rd3 17. Rc3 Rhd8 18. Rxd3 Rxd3 19. Bc3 Rd5 20. Ne2 Bc2 21. Nc1 Na5 22. Bxa5 Rxa5 23. a4 b5 24. d3 bxa4 25. b4 Ra6 26. b5 Rb6 27. Kd2 Bb3 28. Nxb3 axb3 29. Kc3 Rxb5 30. Rb1 b2 31. h4 Kd7 32. g3 h5 33. f4 exf4 34. exf4 f5 35. Rxb2 Rxb2 36. Kxb2 Ke6 37. Kb3 Kd5 38. Kb4 Kd4 0-1

[Event "Baltic Sea Cup"]
[Site "Ronne"]
[Date "2007.08.01"]
[Round "4.51"]
[White "Kraft, Rene"]
[Black "Grandadam, Patrick"]
[Result "1/2-1/2"]
[WhiteElo "1678"]
[BlackElo "1918"]
[PlyCount "127"]
[EventDate "2007.07.30"]
[EventType "swiss"]
[EventRounds "9"]
[EventCountry "DEN"]
[SourceTitle "EXT 2023"]
[Source "ChessBase"]
[SourceDate "2022.10.05"]
[SourceVersion "1"]
[SourceVersionDate "2022.10.05"]
[SourceQuality "1"]

1. c4 e5 2. Nc3 Nf6 3. b3 d5 4. cxd5 Nxd5 5. Bb2 Nc6 6. e3 Be6 7. Bb5 Ndb4 8. Nf3 Nd3+ 9. Bxd3 Qxd3 10. Rc1 0-0-0 11. Ne2 Bb4 12. Rc2 Bf5 13. Rc4 Be4 14. Bc3 Bxf3 15. gxf3 a5 16. f4 b5 17. Nc1 Qd7 18. Rxc6 Qxc6 19. Qg4+ Kb8 20. 0-0 Bxc3 21. dxc3 Rd6 22. f5 g6 23. f3 gxf5 24. Qxf5 Rg8+ 25. Kf2 Rd2+ 26. Ne2 Qxc3 27. Re1 Qc5 28. Qxh7 Rgd8 29. Qg7 Rxa2 30. h4 Rdd2 31. Qg8+ Ka7 32. Qxf7 Qc2 33. Kg3 Kb7 34. Rc1 Rxe2 35. Rxc2 Raxc2 36. Qd5+ Kb6 37. Qxe5 a4 38. Qd4+ c5 39. Qd8+ Kb7 40. Qd7+ Kb6 41. bxa4 Rg2+ 42. Kf4 Rc4+ 43. e4 bxa4 44. h5 a3 45. Qd8+ Kb5 46. Qb8+ Ka4 47. h6 Rh2 48. Qa7+ Kb3 49. Qb7+ Kc2 50. Qa6 Rc3 51. e5 Kb2 52. Qb5+ Rb3 53. Qxc5 a2 54. Qd4+ Kc2 55. Qc4+ Kd2 56. Qd4+ Ke2 57. Qe4+ Kf1 58. Qc4+ Re2 59. h7 Rb8 60. Qc1+ Kg2 61. Kf5 Kf2 62. f4 Re1 63. Qc5+ Kf1 64. Qc4+ 1/2-1/2

[Event "Baltic Sea Cup"]
[Site "Ronne"]
[Date "2007.07.31"]
[Round "2.31"]
[White "Christensen, Janus"]
[Black "Kraft, Rene"]
[Result "1-0"]
[WhiteElo "2137"]
[BlackElo "1678"]
[PlyCount "103"]
[EventDate "2007.07.30"]
[EventType "swiss"]
[EventRounds "9"]
[EventCountry "DEN"]
[SourceTitle "EXT 2023"]
[Source "ChessBase"]
[SourceDate "2022.10.05"]
[SourceVersion "1"]
[SourceVersionDate "2022.10.05"]
[SourceQuality "1"]

1. d4 d5 2. c4 dxc4 3. Nc3 Bd7 4. a4 c6 5. a5 e6 6. Bf4 Na6 7. e3 Bb4 8. Qg4 Nf6 9. Qxg7 Rg8 10. Qh6 Nd5 11. Qxh7 Rf8 12. Nge2 Bxa5 13. Bd6 Ne7 14. Nf4 Bb4 15. Be5 Nd5 16. Nfxd5 cxd5 17. Bg7 Nc7 18. Be2 Qg5 19. 0-0 a6 20. f4 Qg6 21. Qxg6 fxg6 22. Bxf8 Kxf8 23. Na4 b5 24. Nb6 Rd8 25. Nxd7+ Rxd7 26. g4 Rh7 27. f5 gxf5 28. gxf5 Ke7 29. fxe6 Bd2 30. Rf3 a5 31. Rd1 Bb4 32. Rdf1 Nxe6 33. Rf5 Bd6 34. Rxd5 Bxh2+ 35. Kg2 Nc7 36. Rg5 Bd6 37. Rh1 Rxh1 38. Kxh1 Kf6 39. Rh5 Bb4 40. e4 a4 41. Rh6+ Ke7 42. Rc6 Ne6 43. Rb6 Nxd4 44. Bxc4 a3 45. bxa3 Bxa3 46. Bxb5 Bc5 47. Rb7+ Kd6 48. Bc4 Ke5 49. Bd5 Ne2 50. Rb5 Ng3+ 51. Kg2 Nxe4 52. Bxe4 1-0

[Event "Baltic Sea Cup"]
[Site "Ronne"]
[Date "2007.07.30"]
[Round "1.45"]
[White "Kraft, Rene"]
[Black "Salama, Omar"]
[Result "1/2-1/2"]
[WhiteElo "1678"]
[BlackElo "2173"]
[PlyCount "116"]
[EventDate "2007.07.30"]
[EventType "swiss"]
[EventRounds "9"]
[EventCountry "DEN"]
[SourceTitle "EXT 2023"]
[Source "ChessBase"]
[SourceDate "2022.10.05"]
[SourceVersion "1"]
[SourceVersionDate "2022.10.05"]
[SourceQuality "1"]

1. c4 Nf6 2. d4 g6 3. Nf3 Bg7 4. Nc3 d5 5. e3 0-0 6. Bd2 c6 7. Rc1 a6 8. b4 Bg4 9. c5 Nbd7 10. a4 e5 11. Be2 Bxf3 12. Bxf3 exd4 13. exd4 Ne4 14. Be3 f5 15. Bxe4 fxe4 16. 0-0 Qh4 17. h3 Rf5 18. Ne2 Raf8 19. Ng3 R5f7 20. Qd2 h6 21. Qe2 Rf3 22. b5 axb5 23. axb5 Kh7 24. bxc6 bxc6 25. Kh2 R3f6 26. Rb1 R8f7 27. Rb7 Nf8 28. Rfb1 Ne6 29. Qa6 Nd8 30. Rxf7 Rxf7 31. Qc8 Qe7 32. Rb6 Qc7 33. Qxc7 Rxc7 34. Ne2 Ne6 35. Rb4 h5 36. g4 hxg4 37. hxg4 Kg8 38. Nf4 Kf7 39. Kg3 Bf6 40. f3 Ng5 41. fxe4 Nxe4+ 42. Kf3 Bg5 43. Nd3 Ke6 44. Rb6 Rf7+ 45. Ke2 Ng3+ 46. Kd2 Nf1+ 47. Ke2 Ng3+ 48. Kd2 Nf1+ 49. Ke2 Bxe3 50. Rxc6+ Ke7 51. Rc7+ Kf8 52. Rxf7+ Kxf7 53. Ne5+ Ke6 54. Kxf1 Bxd4 55. Nxg6 Bxc5 56. Nf4+ Ke5 57. Nd3+ Ke4 58. Nxc5+ Kf4 1/2-1/2